000
002810000a22000970004500
100
1
_a
Howard, George (1893- )
245
1
0
_a
A note codex sinaiticus and shem-tob's Hebrew Matthew
300
_a
Vol. 34, Num. 1 (Enero, 1992), Páginas 46-47
773
0
_t
Novum Testamentum
942
_c
ANA
999
_c
56821
_d
56821